000 00326nam a22001451a 4500
082 _aM3
_bVIM/N
100 _aVimal
245 _aNeetimante raktam/
_cby Vimal
260 _aKottayam:
_bRIEBF,
_c1999.
300 _a162p.
650 _aNovel Malayalam
650 _aLiterature Malayalam
650 _aLiterature
942 _cBK
999 _c31056
_d31056